<?xml version="1.0" encoding="UTF-8"?><?xml-stylesheet type="text/xsl" href="static/style.xsl"?><OAI-PMH xmlns="http://www.openarchives.org/OAI/2.0/" xmlns:xsi="http://www.w3.org/2001/XMLSchema-instance" xsi:schemaLocation="http://www.openarchives.org/OAI/2.0/ http://www.openarchives.org/OAI/2.0/OAI-PMH.xsd"><responseDate>2026-04-18T03:02:52Z</responseDate><request verb="GetRecord" identifier="oai:www.recercat.cat:10230/53031" metadataPrefix="marc">https://recercat.cat/oai/request</request><GetRecord><record><header><identifier>oai:recercat.cat:10230/53031</identifier><datestamp>2025-12-12T01:58:39Z</datestamp><setSpec>com_2072_6</setSpec><setSpec>col_2072_452952</setSpec></header><metadata><record xmlns="http://www.loc.gov/MARC21/slim" xmlns:dcterms="http://purl.org/dc/terms/" xmlns:xsi="http://www.w3.org/2001/XMLSchema-instance" xmlns:doc="http://www.lyncode.com/xoai" xsi:schemaLocation="http://www.loc.gov/MARC21/slim http://www.loc.gov/standards/marcxml/schema/MARC21slim.xsd">
   <leader>00925njm 22002777a 4500</leader>
   <datafield ind2=" " ind1=" " tag="042">
      <subfield code="a">dc</subfield>
   </datafield>
   <datafield ind2=" " ind1=" " tag="720">
      <subfield code="a">Yuchi, Weiran</subfield>
      <subfield code="e">author</subfield>
   </datafield>
   <datafield ind2=" " ind1=" " tag="720">
      <subfield code="a">Brauer, Michael</subfield>
      <subfield code="e">author</subfield>
   </datafield>
   <datafield ind2=" " ind1=" " tag="720">
      <subfield code="a">Czekajlo, Agatha</subfield>
      <subfield code="e">author</subfield>
   </datafield>
   <datafield ind2=" " ind1=" " tag="720">
      <subfield code="a">Davies, Hugh W.</subfield>
      <subfield code="e">author</subfield>
   </datafield>
   <datafield ind2=" " ind1=" " tag="720">
      <subfield code="a">Davis, Zoë</subfield>
      <subfield code="e">author</subfield>
   </datafield>
   <datafield ind2=" " ind1=" " tag="720">
      <subfield code="a">Guhn, Martin</subfield>
      <subfield code="e">author</subfield>
   </datafield>
   <datafield ind2=" " ind1=" " tag="720">
      <subfield code="a">Jarvis, Ingrid</subfield>
      <subfield code="e">author</subfield>
   </datafield>
   <datafield ind2=" " ind1=" " tag="720">
      <subfield code="a">Jerrett, Michael</subfield>
      <subfield code="e">author</subfield>
   </datafield>
   <datafield ind2=" " ind1=" " tag="720">
      <subfield code="a">Nesbitt, Lorien</subfield>
      <subfield code="e">author</subfield>
   </datafield>
   <datafield ind2=" " ind1=" " tag="720">
      <subfield code="a">Oberlander, Tim F.</subfield>
      <subfield code="e">author</subfield>
   </datafield>
   <datafield ind2=" " ind1=" " tag="720">
      <subfield code="a">Sbihi, Hind</subfield>
      <subfield code="e">author</subfield>
   </datafield>
   <datafield ind2=" " ind1=" " tag="720">
      <subfield code="a">Su, Jason</subfield>
      <subfield code="e">author</subfield>
   </datafield>
   <datafield ind2=" " ind1=" " tag="720">
      <subfield code="a">van den Bosch, Matilda A.</subfield>
      <subfield code="e">author</subfield>
   </datafield>
   <datafield ind2=" " ind1=" " tag="260">
      <subfield code="c">2022-05-10T05:52:52Z</subfield>
   </datafield>
   <datafield ind2=" " ind1=" " tag="260">
      <subfield code="c">2022-05-10T05:52:52Z</subfield>
   </datafield>
   <datafield ind2=" " ind1=" " tag="260">
      <subfield code="c">2022</subfield>
   </datafield>
   <datafield ind2=" " ind1=" " tag="520">
      <subfield code="a">Background: Emerging studies have associated low greenspace and high air pollution exposure with risk of child attention deficit/hyperactivity disorder (ADHD). Population-based studies are limited, however, and joint effects are rarely evaluated. We investigated associations of ADHD incidence with greenspace, air pollution, and noise in a population-based birth cohort. Methods: We assembled a cohort from administrative data of births from 2000 to 2001 (N ∼ 37,000) in Metro Vancouver, Canada. ADHD was identified by hospital records, physician visits, and prescriptions. Cox proportional hazards models were applied to assess associations between environmental exposures and ADHD incidence adjusting for available covariates. Greenspace was estimated using vegetation percentage derived from linear spectral unmixing of Landsat imagery. Fine particulate matter (PM2.5) and nitrogen dioxide (NO2) were estimated using land use regression models; noise was estimated using a deterministic model. Exposure period was from birth until the age of three. Joint effects of greenspace and PM2.5 were analysed in two-exposure models and by categorizing values into quintiles. Results: During seven-year follow-up, 1217 ADHD cases were diagnosed. Greenspace was associated with lower incidence of ADHD (hazard ratio, HR: 0.90 [0.81-0.99] per interquartile range increment), while PM2.5 was associated with increased incidence (HR: 1.11 [1.06-1.17] per interquartile range increment). NO2 (HR: 1.01 [0.96, 1.07]) and noise (HR: 1.00 [0.95, 1.05]) were not associated with ADHD. There was a 50% decrease in the HR for ADHD in locations with the lowest PM2.5 and highest greenspace exposure, compared to a 62% increase in HR in locations with the highest PM2.5 and lowest greenspace exposure. Effects of PM2.5 were attenuated by greenspace in two-exposure models. Conclusions: We found evidence suggesting environmental inequalities where children living in greener neighborhoods with low air pollution had substantially lower risk of ADHD compared to those with higher air pollution and lower greenspace exposure.</subfield>
   </datafield>
   <datafield ind2=" " ind1=" " tag="520">
      <subfield code="a">This work was supported by the Canadian Institutes of Health Research (grant number:156152) and by the European Union&amp;apos;s Horizon 2020 research and innovation programme under a Marie Skłodowska-Curie Grant Agreement No 891538. Data were made accessible via Population Data BC. National air pollution estimates, Canadian Marginalization index, and NDVI metrics indexed to DMTI Spatial Inc. postal codes were provided by CANUE (Canadian Urban Environmental Health Research Consortium). We are grateful for the support of the Integrated Remote Sensing Studio (IRSS) at the University of British Columbia, and Nicholas Coops for development of the Landsat greenness time series. The data that support the findings of this study are available from the Medical Services Plan of British Columbia and other Data Stewards but restrictions apply to the availability of these data, which were used under agreement for the current study, and so are not openly available. Data are however accessible via Population Data BC and the relevant Data Stewards following approval of a Data Access Request and within the terms of Population Data BC access. All inferences, opinions, and conclusions drawn in this manuscript are those of the authors, and do not reflect the opinions or policies of the Data Steward(s).</subfield>
   </datafield>
   <datafield tag="653" ind2=" " ind1=" ">
      <subfield code="a">ADHD</subfield>
   </datafield>
   <datafield tag="653" ind2=" " ind1=" ">
      <subfield code="a">Air pollution</subfield>
   </datafield>
   <datafield tag="653" ind2=" " ind1=" ">
      <subfield code="a">Green space</subfield>
   </datafield>
   <datafield tag="653" ind2=" " ind1=" ">
      <subfield code="a">Linear spectral unmixing</subfield>
   </datafield>
   <datafield tag="653" ind2=" " ind1=" ">
      <subfield code="a">Satellite remote sensing</subfield>
   </datafield>
   <datafield tag="653" ind2=" " ind1=" ">
      <subfield code="a">Vegetation percentage</subfield>
   </datafield>
   <datafield ind2="0" ind1="0" tag="245">
      <subfield code="a">Neighborhood environmental exposures and incidence of attention deficit/hyperactivity disorder: A population-based cohort study</subfield>
   </datafield>
</record></metadata></record></GetRecord></OAI-PMH>